[Event "Stay Safe Play From Home 258"]
[Site "Emanuel Lasker Arena"]
[Date "2020.06.26"]
[Round "3"]
[White "Haxhi Baha"]
[Black "Haris kollari 13"]
[Result "0-1"]
[WhiteElo "2070"]
[BlackElo "1967"]
[Annotator "NA"]
[PlyCount "118"]
[EventDate "2020.06.26"]
[EventType "swiss (blitz)"]

1. e4 {[%emt 0:00:04]} e6 {[%emt 0:00:01]} 2. d4 {[%emt 0:00:01]} b6 {[%emt 0:00:02]} 3. Bd3 {[%emt 0:00:02]} Bb7 {[%emt 0:00:01]} 4. Qe2 {[%emt 0:00:01]} Be7 {[%emt 0:00:02]} 5. Nf3 {[%emt 0:00:05]} Nf6 {[%emt 0:00:01]} 6. h4 {[%emt 0:00:03]} d5 {[%emt 0:00:01]} 7. e5 {[%emt 0:00:01]} Nfd7 {[%emt 0:00:01]} 8. c3 {[%emt 0:00:04]} c5 {[%emt 0:00:01]} 9. Bf4 {[%emt 0:00:03]} Nc6 {[%emt 0:00:01]} 10. a3 {[%emt 0:00:02]} h6 {[%emt 0:00:01]} 11. g4 {[%emt 0:00:02]} c4 {[%emt 0:00:01]} 12. Bc2 {[%emt 0:00:01]} Qc7 {[%emt 0:00:03]} 13. Nbd2 {[%emt 0:00:01]} Bd8 {[%emt 0:00:03]} 14. O-O-O {[%emt 0:00:09]} Be7 {[%emt 0:00:01]} 15. g5 {[%emt 0:00:01]} a5 {[%emt 0:00:04]} 16. g6 {[%emt 0:00:05]} f6 {[%emt 0:00:07]} 17. exf6 {[%emt 0:00:01]} Qxf4 {[%emt 0:00:02]} 18. fxe7 {[%emt 0:00:06]} Nxe7 {[%emt 0:00:01]} 19. Qxe6 {[%emt 0:00:02]} Qf6 {[%emt 0:00:10]} 20. Qg4 {[%emt 0:00:24]} O-O-O {[%emt 0:00:03]} 21. Ne5 {[%emt 0:00:04]} Rhf8 {[%emt 0:00:06]} 22. Ba4 {[%emt 0:00:11]} Qf5 {[%emt 0:00:13]} 23. Bxd7+ {[%emt 0:00:17]} Rxd7 {[%emt 0:00:05]} 24. Qxf5 {[%emt 0:00:00]} Rxf5 {[%emt 0:00:04]} 25. Nxd7 {[%emt 0:00:00]} Kxd7 {[%emt 0:00:01]} 26. h5 {[%emt 0:00:07]} b5 {[%emt 0:00:10]} 27. f3 {[%emt 0:00:06]} Nc6 {[%emt 0:00:05]} 28. Rde1 {[%emt 0:00:03]} b4 {[%emt 0:00:01]} 29. axb4 {[%emt 0:00:02]} axb4 {[%emt 0:00:01]} 30. Re3 {[%emt 0:00:02]} b3 {[%emt 0:00:07]} 31. Nf1 {[%emt 0:00:17]} Rg5 {[%emt 0:00:04]} 32. Kd2 {[%emt 0:00:04]} Rg2+ {[%emt 0:00:02]} 33. Re2 {[%emt 0:00:00]} Rg5 {[%emt 0:00:01]} 34. Ke3 {[%emt 0:00:08]} Ne7 {[%emt 0:00:04]} 35. f4 {[%emt 0:00:05]} Rf5 {[%emt 0:00:04]} 36. Ng3 {[%emt 0:00:02]} Rf6 {[%emt 0:00:02]} 37. Kf3 {[%emt 0:00:04]} Bc8 {[%emt 0:00:01]} 38. Rhe1 {[%emt 0:00:02]} Nc6 {[%emt 0:00:03]} 39. Re8 {[%emt 0:00:05]} Nd8 {[%emt 0:00:08]} 40. R1e7+ {[%emt 0:00:04]} Kd6 {[%emt 0:00:06]} 41. Rxg7 {[%emt 0:00:04]} Ne6 {[%emt 0:00:04]} 42. Rgg8 {[%emt 0:00:31]} Bd7 {[%emt 0:00:07]} 43. Ra8 {[%emt 0:00:09]} Nxf4 {[%emt 0:00:05]} 44. Ra6+ {[%emt 0:00:03]} Bc6 {[%emt 0:00:03]} 45. Kg4 {[%emt 0:00:05]} Nd3 {[%emt 0:00:04]} 46. Nf5+ {[%emt 0:00:04]} Kc7 {[%emt 0:00:05]} 47. Rg7+ {[%emt 0:00:12]} Kb8 {[%emt 0:00:01]} 48. Rxc6 {[%emt 0:00:05]} Rxc6 {[%emt 0:00:02]} 49. Nxh6 {[%emt 0:00:02]} Nxb2 {[%emt 0:00:01]} 50. Nf5 {[%emt 0:00:01]} Nd1 {[%emt 0:00:02]} 51. Rf7 {[%emt 0:00:02]} b2 {[%emt 0:00:01]} 52. Ne7 {[%emt 0:00:01]} Rc7 {[%emt 0:00:13]} 53. g7 {[%emt 0:00:00]} b1=Q {[%emt 0:00:02]} 54. g8=Q+ {[%emt 0:00:01]} Kb7 {[%emt 0:00:01]} 55. Nxd5 {[%emt 0:00:17]} Qe4+ {[%emt 0:00:02]} 56. Nf4 {[%emt 0:00:01]} Ne3+ {[%emt 0:00:05]} 57. Kg5 {[%emt 0:00:10]} Nd1 {[%emt 0:00:06]} 58. Rxc7+ {[%emt 0:00:04]} Kxc7 {[%emt 0:00:01]} 59. Qf7+ {[%emt 0:00:03]} Kb6 {[%emt 0:00:07] Time (Lag: Av=0.62s, max=1.1s) .} 0-1

[Event "Stay Safe Play From Home 258"]
[Site "Emanuel Lasker Arena"]
[Date "2020.06.26"]
[Round "3"]
[White "Lazieri3"]
[Black "charlsjulian19"]
[Result "0-1"]
[WhiteElo "2036"]
[BlackElo "1546"]
[Annotator "NA"]
[PlyCount "78"]
[EventDate "2020.06.26"]
[EventType "swiss (blitz)"]

1. e4 {[%emt 0:00:06]} e5 {[%emt 0:00:01]} 2. Bc4 {[%emt 0:00:07]} Nf6 {[%emt 0:00:04]} 3. d3 {[%emt 0:00:04]} Bc5 {[%emt 0:00:02]} 4. Nf3 {[%emt 0:00:01]} Nc6 {[%emt 0:00:01]} 5. O-O {[%emt 0:00:06]} O-O {[%emt 0:00:02]} 6. Nc3 {[%emt 0:01:52]} a6 {[%emt 0:00:17]} 7. a3 {[%emt 0:00:08]} h6 {[%emt 0:00:12]} 8. Be3 {[%emt 0:00:08]} Bxe3 {[%emt 0:00:41]} 9. fxe3 {[%emt 0:00:03]} d6 {[%emt 0:00:00]} 10. h3 {[%emt 0:00:07]} Be6 {[%emt 0:00:08]} 11. Nd5 {[%emt 0:00:06]} Bxd5 {[%emt 0:00:03]} 12. exd5 {[%emt 0:00:03]} b5 {[%emt 0:00:07]} 13. Ba2 {[%emt 0:00:08]} Ne7 {[%emt 0:00:03]} 14. e4 {[%emt 0:00:03]} c6 {[%emt 0:00:01]} 15. dxc6 {[%emt 0:00:02]} Nxc6 {[%emt 0:00:03]} 16. c3 {[%emt 0:00:00]} Rc8 {[%emt 0:00:02]} 17. Qe2 {[%emt 0:00:03]} a5 {[%emt 0:00:02]} 18. Rf2 {[%emt 0:00:05]} b4 {[%emt 0:00:01]} 19. axb4 {[%emt 0:00:01]} axb4 {[%emt 0:00:01]} 20. Raf1 {[%emt 0:00:02]} bxc3 {[%emt 0:00:04]} 21. bxc3 {[%emt 0:00:00]} Qb6 {[%emt 0:00:01]} 22. Nh4 {[%emt 0:00:05]} Ne7 {[%emt 0:00:06]} 23. Bc4 {[%emt 0:00:08]} g5 {[%emt 0:00:12]} 24. Kh1 {[%emt 0:00:11]} Nh7 {[%emt 0:00:59]} 25. Bxf7+ {[%emt 0:00:04]} Kg7 {[%emt 0:00:01]} 26. Qh5 {[%emt 0:00:03]} gxh4 {[%emt 0:00:11]} 27. Qxh4 {[%emt 0:00:04]} Ng6 {[%emt 0:00:07]} 28. Bxg6 {[%emt 0:00:01]} Rxf2 {[%emt 0:00:01]} 29. Rxf2 {[%emt 0:00:00]} Kxg6 {[%emt 0:00:01]} 30. Qg4+ {[%emt 0:00:02]} Ng5 {[%emt 0:00:02]} 31. Qf5+ {[%emt 0:00:01]} Kg7 {[%emt 0:00:03]} 32. Qf6+ {[%emt 0:00:02]} Kh7 {[%emt 0:00:07]} 33. Qe7+ {[%emt 0:00:01]} Kg6 {[%emt 0:00:02]} 34. Rf6+ {[%emt 0:00:01]} Kh5 {[%emt 0:00:01]} 35. h4 {[%emt 0:00:02]} Kxh4 {[%emt 0:00:02]} 36. Qg7 {[%emt 0:00:03]} h5 {[%emt 0:00:08]} 37. Rf2 {[%emt 0:00:03]} Qxf2 {[%emt 0:00:01]} 38. Kh2 {[%emt 0:00:01]} Nf3+ {[%emt 0:00:04]} 39. Kh1 {[%emt 0:00:03]} Qg1# {[%emt 0:00:01] (Lag: Av=1.18s, max=2.8s)} 0-1

[Event "Stay Safe Play From Home 258"]
[Site "Emanuel Lasker Arena"]
[Date "2020.06.26"]
[Round "3"]
[White "Dukic"]
[Black "MarkonY"]
[Result "0-1"]
[WhiteElo "1947"]
[BlackElo "2312"]
[Annotator "TA"]
[PlyCount "128"]
[EventDate "2020.06.26"]
[EventType "swiss (blitz)"]

{[%evp 18,127,21,20,41,8,48,8,48,8,87,26,26,28,77,86,102,101,211,203,394,395,379,374,402,400,402,368,521,528,522,508,785,703,1217,402,381,387,497,529,506,515,539,516,539,534,537,537,533,531,512,495,473,456,652,459,551,497,497,479,645,622,1079,497,497,485,481,477,458,443,1185,951,951,931,859,820,799,530,593,578,573,538,527,497,451,-245,531,0,0,0,0,0,0,0,0,0,0,0,0,0,0,0,0,-14,-40,-70,-102,-29994,-29995,-29998,-29999,-29999]} 1. c4 c5 2. Nc3 g6 3. Nf3 Bg7 4. d4 cxd4 5. Nxd4 Nc6 6. Nc2 Nf6 7. g3 O-O 8. Bg2 d6 9. O-O Be6 10. b3 a6 {A38: Symmetrical English vs ...g6: 4 Bg2 Bg7 5 Nf3 Nf6.} 11. Qd2 {[#]} Rb8 $146 ({Predecessor:} 11... Qc7 12. Bb2 Rfd8 13. Ne3 Rab8 14. Ncd5 Bxd5 15. cxd5 Na7 16. Bh3 Ne4 17. Qd3 Bxb2 18. Rab1 {½-½ (27) Luechtemeier,P (2227)-Escher,H (2120) Germany 2011}) 12. Bb2 Qd7 {The position is equal.} 13. Rfd1 Rfc8 (13... b5 $11 {keeps the balance.}) 14. Ne3 ({White should play} 14. Nd5 $16) 14... b5 $11 {Threatening ...bxc4.} 15. Ncd5 {Strongly threatening Nxf6+.} Ne8 16. Bxg7 Nxg7 17. Rac1 Ne5 (17... Na7 $16 {was worth a try.}) 18. cxb5 $18 axb5 $2 {[#]} (18... Rxc1 19. Rxc1 (19. Qxc1 axb5 20. h3 Qd8 $14) 19... Rxb5) 19. Rxc8+ $1 {[%mdl 64] Overworked Piece} Rxc8 20. Nb6 $1 {[%csl LRc8,LRd7]} Qa7 21. Nxc8 Bxc8 22. Nd5 Nf5 (22... Be6 {keeps fighting.} 23. Qd4 Qd7) 23. e4 Ng7 24. Rc1 Bd7 (24... Be6 $142 25. Rc7 {[%mdl 64] Double Attack} Qa6 26. Nxe7+ Kh8) 25. Rc7 Qb8 26. f4 (26. Nxe7+ $142 Kh8 27. Qxd6 {[%mdl 64] Double Attack}) 26... Ne8 27. Rc2 (27. fxe5 Nxc7 28. Nxe7+ Kg7 $18) 27... Ng4 28. Nxe7+ Kf8 29. Nd5 Qa7+ 30. Kh1 Be6 31. h3 Bxd5 32. hxg4 ({Weaker is} 32. Qxd5 Ne3 $14) 32... Be6 33. f5 Bd7 34. Qc3 f6 35. Rd2 Ke7 (35... g5 $142 36. Rc2 Kg7) 36. Qd4 Qa5 37. b4 Qa3 38. Kh2 Qc1 39. Qe3 g5 {[#]} 40. Qf2 (40. e5 $142 $1 {Intending exd6+ and mate.} fxe5 (40... dxe5 41. Rxd7+) 41. Qxg5+ Nf6 42. Qg7+ Ke8 43. Rxd6 Qh6+ {[%mdl 64] Decoy} 44. Qxh6 Nxg4+ 45. Kh3 Nxh6 46. Rxh6 Bxf5+ 47. g4) 40... Qc3 41. Qd4 Qa3 42. Qb2 Qe3 43. Qc2 h5 (43... h6 $142 44. Qb2 Kf7) 44. gxh5 g4 45. Rd3 Qh6 46. Kg1 Qxh5 47. Kf2 Qh6 48. Qc3 Qh7 49. Rd1 Qf7 50. Rh1 Qxa2+ 51. Ke3 $4 {[%mdl 8192]} (51. Kg1 $18) 51... Qa7+ $4 {[%mdl 8192]} (51... Qxg2 $19 {and all is fine.} 52. Rh7+ Kd8) 52. Kf4 $2 (52. Qd4 $18 Qa2 53. Bf1) 52... Qf2+ $11 {[%mdl 64] Double Attack} 53. Bf3 gxf3 54. Qxf3 Qd2+ 55. Qe3 Qxb4 56. Rh7+ Kd8 57. Qb6+ Kc8 58. Qa6+ Kd8 59. Qa8+ Bc8 60. Qd5 Qc5 61. Qf7 {[%csl Gh7][%cal Rf7e7]} Qe5+ 62. Kg4 $2 {[%mdl 8192]} (62. Kf3 $17) 62... Qxe4+ {Black mates.} 63. Kh5 Qxf5+ 64. Kh4 Qg4# {What a bad dream for White. Accuracy: White = 64%, Black = 45%.} 0-1

[Event "Stay Safe Play From Home 258"]
[Site "Emanuel Lasker Arena"]
[Date "2020.06.26"]
[Round "3"]
[White "Edmatuag"]
[Black "Erdema"]
[Result "0-1"]
[WhiteElo "1752"]
[BlackElo "1619"]
[Annotator "NA"]
[PlyCount "44"]
[EventDate "2020.06.26"]
[EventType "swiss (blitz)"]

1. e4 {[%emt 0:00:05]} e5 {[%emt 0:00:02]} 2. Nf3 {[%emt 0:00:01]} Nc6 {[%emt 0:00:02]} 3. Bb5 {[%emt 0:00:01]} a6 {[%emt 0:00:02]} 4. Ba4 {[%emt 0:00:02]} Bc5 {[%emt 0:00:02]} 5. O-O {[%emt 0:00:03]} b5 {[%emt 0:00:02]} 6. Bb3 {[%emt 0:00:02]} Nf6 {[%emt 0:00:02]} 7. Nxe5 {[%emt 0:00:02]} Nxe5 {[%emt 0:00:06]} 8. d4 {[%emt 0:00:01]} Bxd4 {[%emt 0:00:02]} 9. Qxd4 {[%emt 0:00:02]} d6 {[%emt 0:00:01]} 10. Nc3 {[%emt 0:00:09]} h6 {[%emt 0:00:04]} 11. f4 {[%emt 0:00:01]} Nc6 {[%emt 0:00:03]} 12. Qe3 {[%emt 0:00:14]} O-O {[%emt 0:00:03]} 13. Bd2 {[%emt 0:00:06]} Ng4 {[%emt 0:00:02]} 14. Qg3 {[%emt 0:00:10]} Nd4 {[%emt 0:00:08]} 15. Nd5 {[%emt 0:00:16]} Ne2+ {[%emt 0:00:04]} 16. Kh1 {[%emt 0:00:03]} Nxg3+ {[%emt 0:00:02]} 17. hxg3 {[%emt 0:00:01]} Be6 {[%emt 0:00:05]} 18. f5 {[%emt 0:00:05]} Bxd5 {[%emt 0:00:02]} 19. Bxd5 {[%emt 0:00:02]} Rb8 {[%emt 0:00:03]} 20. Bc3 {[%emt 0:00:01]} Qg5 {[%emt 0:00:04]} 21. Kg1 {[%emt 0:00:33]} Qe3+ {[%emt 0:00:17]} 22. Kh1 {[%emt 0:00:03]} Qxg3 {[%emt 0:00:05] Edmatuag resigns (Lag: Av=0.72s, max=2.9s)} 0-1

[Event "Stay Safe Play From Home 258"]
[Site "Emanuel Lasker Arena"]
[Date "2020.06.26"]
[Round "4"]
[White "Weltszmerc"]
[Black "Timbre"]
[Result "1-0"]
[WhiteElo "2120"]
[BlackElo "1618"]
[Annotator "TA"]
[PlyCount "71"]
[EventDate "2020.06.26"]
[EventType "swiss (blitz)"]

{[%evp 9,71,8,12,0,0,-3,4,13,12,11,8,2,8,-18,29,35,32,24,57,16,34,36,40,27,35,4,0,-5,53,40,200,142,175,172,227,230,329,325,413,444,427,424,527,516,494,389,536,536,645,641,730,710,1060,1041,922,1050,1362,1243,29977,29978,29980,29980,5822,5331]} 1. d4 d5 2. c4 c6 3. Nf3 Nf6 4. g3 Bf5 5. Bg2 e6 6. Qb3 {D11: Slav Defence: 3 Nf3 sidelines and 3...Nf6 4 e3 Bg4.} Qb6 7. c5 Qxb3 8. axb3 {The position is equal.} Nbd7 9. b4 a6 10. Nc3 Be7 11. b5 O-O 12. bxc6 bxc6 {[#]} 13. O-O $146 ({Predecessor:} 13. h3 Ne4 14. g4 Bg6 15. Bf4 f6 16. e3 e5 17. Bh2 Rfb8 18. Nh4 Nxc3 19. Nxg6 hxg6 20. bxc3 {1-0 (40) Ivanov,M (2361)-Ozbay,E (2039) Backi Petrovac 2018}) 13... Ne4 14. h3 Nxc3 15. bxc3 Rfb8 16. Bf4 Rb2 17. g4 Be4 18. e3 Bxf3 (18... a5 $11) 19. Bxf3 $14 f6 $2 {[#] This move loses the game for Black.} (19... Nf6 $14) 20. Ra3 e5 21. Bg3 e4 (21... Kf7 $142 22. Rfa1 Nf8 23. Rxa6 (23. dxe5 fxe5 24. Bxe5 Nd7 $16) 23... Rb1+ 24. Rxb1 Rxa6) 22. Bg2 $18 h6 (22... f5 $142 23. Rfa1 (23. gxf5 Nf6 $18) 23... Nf6 24. Rxa6 (24. gxf5 Nh5 $16) 24... Rxa6 25. Rxa6 fxg4 26. Rxc6 Kf7 27. hxg4 Nxg4) 23. Rfa1 Rc2 24. Rxa6 Rxa6 25. Rxa6 Nf8 26. Rxc6 Rxc3 27. Bd6 Bxd6 28. Rxd6 {[%mdl 4096] Endgame KRB-KRN} Nh7 29. Rxd5 Ng5 30. h4 Nf7 31. Bxe4 Rc1+ 32. Kg2 Rc3 33. Rd7 Nh8 34. h5 Kf8 35. Rd8+ Ke7 36. Rxh8 {Accuracy: White = 74%, Black = 30%.} 1-0

[Event "Stay Safe Play From Home 258"]
[Site "Emanuel Lasker Arena"]
[Date "2020.06.26"]
[Round "4"]
[White "Haxhi Baha"]
[Black "Dukic"]
[Result "1-0"]
[WhiteElo "2048"]
[BlackElo "1943"]
[Annotator "NA"]
[PlyCount "49"]
[EventDate "2020.06.26"]
[EventType "swiss (blitz)"]

1. e4 {[%emt 0:00:02]} c5 {[%emt 0:00:04]} 2. Nf3 {[%emt 0:00:01]} e6 {[%emt 0:00:01]} 3. d4 {[%emt 0:00:01]} cxd4 {[%emt 0:00:02]} 4. Nxd4 {[%emt 0:00:00]} a6 {[%emt 0:00:01]} 5. Nc3 {[%emt 0:00:01]} Qc7 {[%emt 0:00:01]} 6. f4 {[%emt 0:00:01]} Bc5 {[%emt 0:00:06]} 7. Nb3 {[%emt 0:00:01]} Ba7 {[%emt 0:00:02]} 8. Qf3 {[%emt 0:00:01]} b5 {[%emt 0:00:01]} 9. a3 {[%emt 0:00:21]} Bb7 {[%emt 0:00:02]} 10. Bd3 {[%emt 0:00:04]} f5 {[%emt 0:00:02]} 11. Qg3 {[%emt 0:00:12]} g6 {[%emt 0:00:06]} 12. e5 {[%emt 0:00:26]} Ne7 {[%emt 0:00:05]} 13. Bd2 {[%emt 0:00:14]} Nbc6 {[%emt 0:00:11]} 14. Bxb5 {[%emt 0:00:09]} axb5 {[%emt 0:00:05]} 15. Nxb5 {[%emt 0:00:00]} Qb6 {[%emt 0:00:14]} 16. Nd6+ {[%emt 0:00:01]} Kf8 {[%emt 0:00:13]} 17. Qh4 {[%emt 0:00:36]} Ng8 {[%emt 0:00:06]} 18. O-O-O {[%emt 0:00:03]} Nce7 {[%emt 0:00:36]} 19. Bb4 {[%emt 0:00:23]} Bd5 {[%emt 0:00:18]} 20. Nc5 {[%emt 0:00:19]} Qc6 {[%emt 0:00:14]} 21. Nd3 {[%emt 0:00:34]} Bxg2 {[%emt 0:00:49]} 22. Rhg1 {[%emt 0:00:02]} Bxg1 {[%emt 0:00:03]} 23. Rxg1 {[%emt 0:00:02]} Qf3 {[%emt 0:00:22]} 24. Nc4 {[%emt 0:00:06]} h5 {[%emt 0:00:06]} 25. Ne1 {[%emt 0:00:01] Zeit (Lag: Av=0.59s, max=0.8s)} 1-0

[Event "Stay Safe Play From Home 258"]
[Site "Emanuel Lasker Arena"]
[Date "2020.06.26"]
[Round "4"]
[White "Haris kollari 13"]
[Black "MarkonY"]
[Result "0-1"]
[WhiteElo "1989"]
[BlackElo "2316"]
[Annotator "NA"]
[PlyCount "55"]
[EventDate "2020.06.26"]
[EventType "swiss (blitz)"]

1. e4 {[%emt 0:00:01]} c5 {[%emt 0:00:01]} 2. Nf3 {[%emt 0:00:01]} g6 {[%emt 0:00:00]} 3. d4 {[%emt 0:00:01]} cxd4 {[%emt 0:00:01]} 4. Nxd4 {[%emt 0:00:01]} Bg7 {[%emt 0:00:00]} 5. Nc3 {[%emt 0:00:01]} Nc6 {[%emt 0:00:00]} 6. Be3 {[%emt 0:00:01]} Nf6 {[%emt 0:00:01]} 7. Be2 {[%emt 0:00:01]} O-O {[%emt 0:00:00]} 8. Qd2 {[%emt 0:00:01]} d5 {[%emt 0:00:01]} 9. exd5 {[%emt 0:00:06]} Nxd5 {[%emt 0:00:03]} 10. Nxd5 {[%emt 0:00:01]} Qxd5 {[%emt 0:00:01]} 11. Nxc6 {[%emt 0:00:01]} Qxc6 {[%emt 0:00:03]} 12. Bf3 {[%emt 0:00:03]} Qc7 {[%emt 0:00:07]} 13. O-O-O {[%emt 0:00:05]} Be6 {[%emt 0:00:01]} 14. Kb1 {[%emt 0:00:03]} Rac8 {[%emt 0:00:04]} 15. Be4 {[%emt 0:00:11]} Qc4 {[%emt 0:00:13]} 16. Qd3 {[%emt 0:00:17]} Qxa2+ {[%emt 0:00:04]} 17. Kc1 {[%emt 0:00:01]} Qxb2+ {[%emt 0:00:20]} 18. Kd2 {[%emt 0:00:01]} Rfd8 {[%emt 0:00:03]} 19. Rb1 {[%emt 0:00:02]} Qxc2+ {[%emt 0:00:04]} 20. Ke1 {[%emt 0:00:05]} Rxd3 {[%emt 0:00:06]} 21. Rc1 {[%emt 0:00:04]} Rxe3+ {[%emt 0:00:05]} 22. fxe3 {[%emt 0:00:02]} Bc3+ {[%emt 0:00:05]} 23. Kf1 {[%emt 0:00:01]} Qxc1+ {[%emt 0:00:02]} 24. Ke2 {[%emt 0:00:01]} Qd2+ {[%emt 0:00:01]} 25. Kf3 {[%emt 0:00:02]} f5 {[%emt 0:00:11]} 26. Bxb7 {[%emt 0:00:01]} Bd5+ {[%emt 0:00:02]} 27. Bxd5+ {[%emt 0:00:01]} Qxd5+ {[%emt 0:00:00]} 28. Ke2 {[%emt 0:00:02] Haris kollari 13 resigns (Lag: Av=0.38s, max=0.6s)} 0-1

[Event "Stay Safe Play From Home 258"]
[Site "Emanuel Lasker Arena"]
[Date "2020.06.26"]
[Round "4"]
[White "charlsjulian19"]
[Black "Edmatuag"]
[Result "1-0"]
[WhiteElo "1655"]
[BlackElo "1729"]
[Annotator "NA"]
[PlyCount "47"]
[EventDate "2020.06.26"]
[EventType "swiss (blitz)"]

1. e4 {[%emt 0:00:02]} e6 {[%emt 0:00:02]} 2. d4 {[%emt 0:00:02]} d5 {[%emt 0:00:01]} 3. Nc3 {[%emt 0:00:02]} Bb4 {[%emt 0:00:03]} 4. e5 {[%emt 0:00:01]} c5 {[%emt 0:00:04]} 5. a3 {[%emt 0:00:01]} Bxc3+ {[%emt 0:00:01]} 6. bxc3 {[%emt 0:00:01]} Qa5 {[%emt 0:00:05]} 7. Qd2 {[%emt 0:00:39]} Nc6 {[%emt 0:00:04]} 8. Nf3 {[%emt 0:00:11]} Nge7 {[%emt 0:00:02]} 9. a4 {[%emt 0:00:12]} Nf5 {[%emt 0:00:10]} 10. Ba3 {[%emt 0:00:28]} cxd4 {[%emt 0:00:05]} 11. Nxd4 {[%emt 0:00:11]} Nfxd4 {[%emt 0:00:12]} 12. cxd4 {[%emt 0:00:26]} Qxd2+ {[%emt 0:01:06]} 13. Kxd2 {[%emt 0:00:00]} Nxd4 {[%emt 0:00:02]} 14. Bd3 {[%emt 0:00:07]} f5 {[%emt 0:00:18]} 15. exf6 {[%emt 0:00:31]} gxf6 {[%emt 0:00:00]} 16. Bb2 {[%emt 0:00:06]} Nc6 {[%emt 0:00:32]} 17. Bxf6 {[%emt 0:00:08]} Rg8 {[%emt 0:00:02]} 18. Rhg1 {[%emt 0:00:05]} Kf7 {[%emt 0:00:15]} 19. Bb2 {[%emt 0:00:05]} h6 {[%emt 0:00:07]} 20. f4 {[%emt 0:00:04]} Bd7 {[%emt 0:00:08]} 21. g4 {[%emt 0:00:04]} Nb4 {[%emt 0:00:06]} 22. Bh7 {[%emt 0:00:05]} Rgc8 {[%emt 0:00:08]} 23. g5 {[%emt 0:00:04]} hxg5 {[%emt 0:00:12]} 24. Rxg5 {[%emt 0:00:04] Time (Lag: Av=0.99s, max=1.7s)} 1-0

[Event "Stay Safe Play From Home 258"]
[Site "Emanuel Lasker Arena"]
[Date "2020.06.26"]
[Round "4"]
[White "Erdema"]
[Black "Lazieri3"]
[Result "0-1"]
[WhiteElo "1643"]
[BlackElo "2004"]
[Annotator "NA"]
[PlyCount "110"]
[EventDate "2020.06.26"]
[EventType "swiss (blitz)"]

1. e4 {[%emt 0:00:03]} c6 {[%emt 0:00:00]} 2. d4 {[%emt 0:00:02]} d5 {[%emt 0:00:00]} 3. e5 {[%emt 0:00:01]} Bf5 {[%emt 0:00:01]} 4. Bd3 {[%emt 0:00:02]} Bxd3 {[%emt 0:00:01]} 5. Qxd3 {[%emt 0:00:01]} e6 {[%emt 0:00:00]} 6. Nf3 {[%emt 0:00:02]} c5 {[%emt 0:00:01]} 7. b3 {[%emt 0:00:02]} Nc6 {[%emt 0:00:02]} 8. a3 {[%emt 0:00:14]} cxd4 {[%emt 0:00:02]} 9. Nxd4 {[%emt 0:00:05]} Nxe5 {[%emt 0:00:03]} 10. Qb5+ {[%emt 0:00:02]} Qd7 {[%emt 0:00:01]} 11. Qxd7+ {[%emt 0:00:02]} Nxd7 {[%emt 0:00:00]} 12. Nc3 {[%emt 0:00:05]} Ngf6 {[%emt 0:00:01]} 13. Ndb5 {[%emt 0:00:03]} Kd8 {[%emt 0:00:03]} 14. Bf4 {[%emt 0:00:04]} a6 {[%emt 0:00:04]} 15. Nd6 {[%emt 0:00:10]} Bxd6 {[%emt 0:00:01]} 16. Bxd6 {[%emt 0:00:03]} Rc8 {[%emt 0:00:00]} 17. Kd2 {[%emt 0:00:05]} Rxc3 {[%emt 0:00:08]} 18. Kxc3 {[%emt 0:00:03]} Ne4+ {[%emt 0:00:01]} 19. Kb2 {[%emt 0:00:02]} Nxd6 {[%emt 0:00:00]} 20. f3 {[%emt 0:00:02]} Ke7 {[%emt 0:00:02]} 21. Rad1 {[%emt 0:00:03]} Rc8 {[%emt 0:00:02]} 22. a4 {[%emt 0:00:05]} a5 {[%emt 0:00:02]} 23. Rhe1 {[%emt 0:00:05]} Kf6 {[%emt 0:00:02]} 24. g3 {[%emt 0:00:02]} Nf5 {[%emt 0:00:06]} 25. f4 {[%emt 0:00:07]} Nc5 {[%emt 0:00:02]} 26. g4 {[%emt 0:00:06]} Nd6 {[%emt 0:00:03]} 27. Re5 {[%emt 0:00:05]} Nxa4+ {[%emt 0:00:11]} 28. Ka3 {[%emt 0:00:17]} Nc3 {[%emt 0:00:03]} 29. g5+ {[%emt 0:00:03]} Kg6 {[%emt 0:00:06]} 30. Rd3 {[%emt 0:00:05]} Nde4 {[%emt 0:00:01]} 31. h4 {[%emt 0:00:07]} h5 {[%emt 0:00:03]} 32. gxh6 {[%emt 0:00:03]} gxh6 {[%emt 0:00:02]} 33. h5+ {[%emt 0:00:08]} Kf6 {[%emt 0:00:03]} 34. Re3 {[%emt 0:00:17]} Nb5+ {[%emt 0:00:03]} 35. Kb2 {[%emt 0:00:04]} Na7 {[%emt 0:00:01]} 36. c4 {[%emt 0:00:06]} Nc6 {[%emt 0:00:01]} 37. R3xe4 {[%emt 0:00:17]} dxe4 {[%emt 0:00:03]} 38. Rxe4 {[%emt 0:00:01]} Nb4 {[%emt 0:00:01]} 39. Kc3 {[%emt 0:00:05]} Rd8 {[%emt 0:00:01]} 40. Re3 {[%emt 0:00:06]} Rg8 {[%emt 0:00:04]} 41. Re5 {[%emt 0:00:06]} Rg3+ {[%emt 0:00:03]} 42. Kb2 {[%emt 0:00:02]} Nd3+ {[%emt 0:00:03]} 43. Ka3 {[%emt 0:00:02]} Nxe5 {[%emt 0:00:00]} 44. c5 {[%emt 0:00:02]} Nc6 {[%emt 0:00:03]} 45. Ka4 {[%emt 0:00:02]} Kf5 {[%emt 0:00:02]} 46. b4 {[%emt 0:00:03]} axb4 {[%emt 0:00:02]} 47. Kb5 {[%emt 0:00:04]} b3 {[%emt 0:00:01]} 48. Kb6 {[%emt 0:00:02]} b2 {[%emt 0:00:01]} 49. Kxb7 {[%emt 0:00:01]} b1=Q+ {[%emt 0:00:00]} 50. Kxc6 {[%emt 0:00:01]} Kxf4 {[%emt 0:00:01]} 51. Kd6 {[%emt 0:00:02]} Kg5 {[%emt 0:00:02]} 52. c6 {[%emt 0:00:01]} Kxh5 {[%emt 0:00:02]} 53. c7 {[%emt 0:00:01]} Rc3 {[%emt 0:00:00]} 54. Kd7 {[%emt 0:00:02]} Rxc7+ {[%emt 0:00:01]} 55. Kxc7 {[%emt 0:00:02]} e5 {[%emt 0:00:01] Erdema terk eder (Lag: Av=0.85s, max=1.1s)} 0-1